000 00318nam a2200133Ia 4500
005 20251222144735.0
008 251222s9999||||xx |||||||||||||| ||spa||
020 _a958-653-426-X
082 _a346.059/R75
100 _aRodríguez Azuero, Sergio
245 0 _aNegocios Fiduciarios:
264 _bLegis
942 _cLIB
999 _c18749
_d18749